000 00486nam a2200193Ia 4500
005 20260429112154.0
008 260429s9999||||xx |||||||||||||| ||und||
020 _a9781647289461
041 _aEnglish
082 _a657
_bMUE
100 _aMueller, Lawrence
245 0 _aFinancial accounting /
_cLawrence Mueller
250 _a1st ed.
260 _aNew York :
_bWillford Press,
_c2025.
300 _ax, 236 p.; pbk
650 _a Finance
650 _aAccounting
942 _cTB
999 _c52715
_d52715